000
00267nam a2200097Ia 4500
008
230508s1997 xx 000 0 und d
041
_a
eng
100
_a
DANIEL E. PUNCOCHAR
245
_a
INTERPRETATION OF GEOMETRIC DIMEN.& TOLERANC
260
_b
INDUSTRIAL PRESS.
_c
1997
999
_c
311244
_d
311244